[Event "XII European Maccabi Games"]
[Site "Roma ITA"]
[Date "2007.07.08"]
[Round "3"]
[White "Grunberg, Mihai Lucian"]
[Black "Degtiarev, Evgeny"]
[Result "1/2-1/2"]
[WhiteElo "2472"]
[BlackElo "2385"]
[PlyCount "184"]
[EventDate "2007.07.05"]

1. Nf3 Nf6 2. c4 c6 3. g3 g6 4. Bg2 Bg7 5. d4 d5 6. Nc3 O-O 7. cxd5 cxd5 8. Ne5
e6 9. O-O Nfd7 10. f4 Nc6 11. e3 Rb8 12. a4 Ndxe5 13. fxe5 a6 14. b3 b5 15.
axb5 axb5 16. Rf2 b4 17. Na4 Ba6 18. Bb2 Bb5 19. Bf1 Bxf1 20. Qxf1 Bh6 21. Qd3
Qe7 22. Rc1 Rfc8 23. Rc5 Qg5 24. Bc1 Qg4 25. Bd2 Ne7 26. Rxc8+ Rxc8 27. Nc5 Ra8
28. Nd7 Qh3 29. Nf6+ Kg7 30. Qf1 Qxf1+ 31. Kxf1 Nf5 32. Re2 Ra2 33. Bxb4 Ra1+
34. Kf2 Bxe3+ 35. Rxe3 Nxe3 36. Kxe3 Rb1 37. Ne8+ Kg8 38. Kf4 Rxb3 39. Bd6 h6
40. Nf6+ Kg7 41. Nd7 g5+ 42. Kg4 Kg6 43. Nf8+ Kg7 44. Kh5 Rb7 45. Kg4 Ra7 46.
h4 gxh4 47. gxh4 Rb7 48. Kf4 Ra7 49. Ke3 Rb7 50. Kd3 Ra7 51. Kc2 Ra8 52. Nd7
Kg6 53. Nf6 h5 54. Kb3 Rc8 55. Bc5 Rb8+ 56. Kc3 Ra8 57. Nd7 Kf5 58. Nf6 Kg6 59.
Kd3 Ra1 60. Be7 Ra7 61. Bb4 Ra1 62. Bd2 Ra3+ 63. Kc2 Rg3 64. Be1 Rh3 65. Kd2
Ra3 66. Ke2 Rh3 67. Bf2 Ra3 68. Be3 Ra7 69. Kf3 Rb7 70. Ne8 Rb8 71. Nd6 Rb3 72.
Nc8 Rb7 73. Bg5 Rb3+ 74. Ke2 Kf5 75. Nd6+ Kg6 76. Be3 Rb8 77. Kf3 Kg7 78. Kg3
Kg6 79. Kf4 Rb2 80. Nc8 Rb7 81. Kf3 Rc7 82. Nd6 Ra7 83. Nb5 Ra8 84. Nc3 f6 85.
exf6 Kxf6 86. Ne2 e5 87. Ng3 exd4 88. Nxh5+ Kg6 89. Nf4+ Kf5 90. Bc1 Rc8 91.
Nd3 Rc3 92. Ke2 Rxc1 1/2-1/2

[Event "XII European Maccabi Games"]
[Site "Roma ITA"]
[Date "2007.07.08"]
[Round "3"]
[White "Gutmans, Mihail"]
[Black "Beim, Valery"]
[Result "0-1"]
[WhiteElo "2117"]
[BlackElo "2516"]
[PlyCount "69"]
[EventDate "2007.07.05"]

1. d4 f5 2. Nf3 Nf6 3. Nc3 e6 4. Bg5 Bb4 5. e3 O-O 6. a3 Bxc3+ 7. bxc3 c5 8.
Bd3 Qa5 9. Qd2 Ne4 10. Bxe4 fxe4 11. Ne5 d6 12. Nc4 Qa6 13. Qe2 cxd4 14. exd4
Qc6 15. O-O b6 16. Nd2 Ba6 17. c4 d5 18. Qg4 Nd7 19. f3 e3 20. Bxe3 Nf6 21. Qh3
dxc4 22. Rfe1 c3 23. Nf1 Bxf1 24. Rxf1 Rfe8 25. Rae1 Qa4 26. Bf2 Qxc2 27. Rxe6
Qb3 28. Rxe8+ Rxe8 29. Bh4 c2 30. Bg5 Qc3 31. Qf5 Re1 32. Qf4 c1=Q 33. Qb8+ Ne8
34. Qxe8+ Rxe8 35. Rxc1 0-1

[Event "XII European Maccabi Games"]
[Site "Roma ITA"]
[Date "2007.07.08"]
[Round "3"]
[White "Leveikina, Jevgenija"]
[Black "Selifanov, Konstantin"]
[Result "1/2-1/2"]
[WhiteElo "2033"]
[BlackElo "1440"]
[PlyCount "87"]
[EventDate "2007.07.05"]

1. c4 e5 2. Nc3 Nf6 3. g3 d6 4. Bg2 Be7 5. Nf3 O-O 6. O-O Nc6 7. d3 h6 8. h3
Be6 9. e4 Qd7 10. Kh2 Nh7 11. Rb1 f5 12. b4 fxe4 13. Nxe4 a6 14. Be3 Nf6 15.
Qe2 Nxe4 16. dxe4 Qe8 17. Nd2 Qg6 18. f4 exf4 19. gxf4 Bd7 20. Bf3 Bf6 21. Rg1
Qf7 22. Bh5 Qe6 23. Qg2 Qe7 24. a3 Nd4 25. e5 dxe5 26. Bxd4 exd4 27. Rbe1 Qd6
28. Qg3 Bf5 29. c5 Qd7 30. Nc4 Rad8 31. Bf3 Rb8 32. Ne5 Bxe5 33. Rxe5 Bh7 34.
Rd5 Qf7 35. Rxd4 c6 36. Bh5 Qf6 37. Rd7 Be4 38. Rxg7+ Kh8 39. Bf3 Bxf3 40. Qxf3
Qxf4+ 41. Qxf4 Rxf4 42. Rd7 b6 43. Rg6 bxc5 44. Kg3 1/2-1/2

[Event "XII European Maccabi Games"]
[Site "Roma ITA"]
[Date "2007.07.08"]
[Round "3"]
[White "Litwak, Aleksej"]
[Black "Szuhanek, Ranko"]
[Result "0-1"]
[WhiteElo "2301"]
[BlackElo "2475"]
[PlyCount "94"]
[EventDate "2007.07.05"]

1. e4 c5 2. Nf3 d6 3. d4 cxd4 4. Nxd4 Nf6 5. Nc3 a6 6. Be2 e5 7. Nb3 Be7 8. O-O
Be6 9. f4 Qc7 10. Kh1 Nbd7 11. f5 Bc4 12. Be3 b5 13. Bxc4 Qxc4 14. Qd3 Qxd3 15.
cxd3 b4 16. Na4 O-O 17. Rac1 Rfc8 18. Rxc8+ Rxc8 19. Rc1 Rxc1+ 20. Bxc1 d5 21.
Bg5 Kf8 22. Bxf6 Nxf6 23. Nbc5 Ke8 24. g3 Kd8 25. exd5 Nxd5 26. Nxa6 Ne3 27.
Nb6 Nd1 28. Nd5 Nf2+ 29. Kg2 Nxd3 30. Kf3 Nxb2 31. Naxb4 Bxb4 32. Nxb4 Kd7 33.
g4 f6 34. h4 Kd6 35. g5 Na4 36. Nc2 Nc3 37. a3 Kc5 38. Ne3 e4+ 39. Kf2 Kd4 40.
Ng4 Nd5 41. gxf6 gxf6 42. a4 e3+ 43. Ke2 Ke4 44. a5 Nf4+ 45. Ke1 Kd3 46. Nf2+
exf2+ 47. Kxf2 Ke4 0-1

[Event "XII European Maccabi Games"]
[Site "Roma ITA"]
[Date "2007.07.08"]
[Round "3"]
[White "Savchenko, Oleksiy"]
[Black "Kleymann, Jelena"]
[Result "1-0"]
[WhiteElo "2100"]
[BlackElo "2023"]
[PlyCount "57"]
[EventDate "2007.07.05"]

1. d4 d5 2. c4 e6 3. Nc3 Nf6 4. cxd5 exd5 5. Bg5 c6 6. e3 Be7 7. Bd3 O-O 8. Qc2
h6 9. Bxf6 Bxf6 10. Nge2 b6 11. O-O Ba6 12. Bxa6 Nxa6 13. Qa4 Qc8 14. b4 b5 15.
Qb3 Nc7 16. Rfc1 Qd7 17. Nb1 Rfc8 18. a4 Ne6 19. axb5 cxb5 20. Nd2 Be7 21.
Rxc8+ Rxc8 22. Nc3 Qc6 23. Nxd5 Bf8 24. h3 Ng5 25. h4 Qc2 26. Qxc2 Rxc2 27.
hxg5 Rxd2 28. gxh6 gxh6 29. Rxa7 1-0

[Event "XII European Maccabi Games"]
[Site "Roma ITA"]
[Date "2007.07.08"]
[Round "3"]
[White "Smolkina, Milana"]
[Black "Borzova, Asya"]
[Result "1-0"]
[WhiteElo "1885"]
[BlackElo "1758"]
[PlyCount "61"]
[EventDate "2007.07.05"]

1. e4 c5 2. Nf3 d6 3. d4 cxd4 4. Nxd4 Nf6 5. Nc3 a6 6. Bg5 e6 7. f4 Qc7 8. Qf3
Nbd7 9. g4 b5 10. Bxf6 Nxf6 11. g5 Nd7 12. O-O-O Bb7 13. f5 e5 14. Nde2 Be7 15.
Qh5 b4 16. Nd5 Bxd5 17. Rxd5 Rc8 18. c3 Nc5 19. f6 g6 20. Qf3 Bf8 21. h4 Na4
22. Rd3 Qb6 23. Rh2 h6 24. Bh3 Rc7 25. Rg2 hxg5 26. hxg5 Rh5 27. Qe3 Nc5 28.
Kb1 Rb7 29. Rd1 Nxe4 30. Qxe4 Rxh3 31. Qg4 1-0

[Event "XII European Maccabi Games"]
[Site "Roma ITA"]
[Date "2007.07.09"]
[Round "4"]
[White "Beim, Valery"]
[Black "Fraas, Martin"]
[Result "1-0"]
[WhiteElo "2516"]
[BlackElo "2175"]
[PlyCount "81"]
[EventDate "2007.07.05"]

1. c4 d6 2. d4 e5 3. Nf3 exd4 4. Nxd4 g6 5. e4 Bg7 6. Nc3 Nc6 7. Be3 Nge7 8.
Be2 O-O 9. Qd2 f5 10. Rd1 Kh8 11. Nxc6 Nxc6 12. O-O Be6 13. exf5 Bxf5 14. b3
Rf7 15. Bf3 Qf8 16. Bd5 Rd7 17. Nb5 a5 18. Nd4 Nxd4 19. Bxd4 c6 20. Bf3 a4 21.
b4 Be6 22. Qc3 Bxd4 23. Qxd4+ Qg7 24. Rfe1 Qxd4 25. Rxd4 Bg8 26. a3 h5 27. h4
Kg7 28. Kh2 Kf6 29. g4 d5 30. gxh5 Rad8 31. c5 gxh5 32. Bxh5 Bh7 33. Bg4 Rf7
34. Bh5 Rfd7 35. Rf4+ Kg7 36. Be8 Rxe8 37. Rxe8 d4 38. Re6 d3 39. Rd6 Re7 40.
h5 Re5 41. h6+ 1-0

[Event "XII European Maccabi Games"]
[Site "Roma ITA"]
[Date "2007.07.09"]
[Round "4"]
[White "Borzova, Asya"]
[Black "Klimovich, Boris"]
[Result "1-0"]
[WhiteElo "1758"]
[BlackElo "1400"]
[PlyCount "69"]
[EventDate "2007.07.05"]

1. d4 e6 2. c4 Bb4+ 3. Bd2 Bxd2+ 4. Qxd2 Nc6 5. e4 b6 6. Nc3 Nf6 7. e5 Nh5 8.
g4 Nf6 9. exf6 Qxf6 10. Nge2 Ba6 11. b3 O-O-O 12. Bg2 d5 13. cxd5 exd5 14. Nxd5
Qe6 15. Ndf4 Qd6 16. Bxc6 Qxc6 17. d5 Qb5 18. O-O g5 19. Nc3 Qd7 20. Ng2 Bxf1
21. Rxf1 Qxg4 22. Rc1 Rhe8 23. Kf1 Re5 24. Qc2 Qf5 25. Ne4 c5 26. Nc3 Qxc2 27.
Rxc2 a5 28. Ne3 f5 29. Nc4 Ree8 30. Nxb6+ Kb7 31. Nba4 Rc8 32. d6 Kc6 33. Nb5
Re6 34. Rxc5+ Kd7 35. Nb6+ 1-0

[Event "XII European Maccabi Games"]
[Site "Roma ITA"]
[Date "2007.07.09"]
[Round "4"]
[White "David, Dan"]
[Black "Barokas, Avi"]
[Result "1-0"]
[WhiteElo "1400"]
[BlackElo "1400"]
[PlyCount "63"]
[EventDate "2007.07.05"]

1. e4 e5 2. Bc4 Nf6 3. Nf3 Bc5 4. Nxe5 Qe7 5. d4 O-O 6. Bg5 Bb6 7. Nc3 h6 8.
Bxf6 Qxf6 9. Nd5 Qd8 10. Nxb6 axb6 11. Qf3 Qe8 12. Ng6 b5 13. Bb3 d6 14. Nxf8
Qxf8 15. O-O Nc6 16. c3 Ne7 17. Qh5 Ng6 18. f4 Ne7 19. f5 d5 20. f6 gxf6 21.
Rxf6 Be6 22. Raf1 c6 23. Rxe6 Re8 24. Rxh6 Qg7 25. Rhf6 Rf8 26. exd5 cxd5 27.
Bxd5 Nxd5 28. Qxd5 Qh7 29. Qxb7 Qg7 30. d5 Qh7 31. d6 b4 32. d7 1-0

[Event "XII European Maccabi Games"]
[Site "Roma ITA"]
[Date "2007.07.09"]
[Round "4"]
[White "Davidov, Samir Fatali Oglu"]
[Black "Grunberg, Mihai Lucian"]
[Result "1-0"]
[WhiteElo "2314"]
[BlackElo "2472"]
[PlyCount "47"]
[EventDate "2007.07.05"]

1. e4 Nf6 2. e5 Nd5 3. c4 Nb6 4. d4 d6 5. f4 dxe5 6. fxe5 c5 7. d5 g6 8. Nc3
Bg7 9. Bf4 O-O 10. Bd3 e6 11. d6 Nc6 12. Nf3 f6 13. exf6 Bxf6 14. Bg3 Nd4 15.
O-O Nf5 16. Bxf5 exf5 17. Nd5 Bxb2 18. Rb1 Bg7 19. Nh4 Qd7 20. Rxb6 axb6 21.
Nxb6 Qc6 22. Nxa8 Be6 23. Nc7 Bxc4 24. Re1 1-0

[Event "XII European Maccabi Games"]
[Site "Roma ITA"]
[Date "2007.07.09"]
[Round "4"]
[White "Degtiarev, Evgeny"]
[Black "Savchenko, Oleksiy"]
[Result "1-0"]
[WhiteElo "2385"]
[BlackElo "2100"]
[PlyCount "119"]
[EventDate "2007.07.05"]

1. d4 Nf6 2. c4 e6 3. Nf3 b6 4. Nc3 Bb7 5. a3 Be7 6. d5 O-O 7. e4 d6 8. Be2
Nbd7 9. Nd4 e5 10. Nf5 Nc5 11. f3 a5 12. Be3 g6 13. Nxe7+ Qxe7 14. b4 axb4 15.
axb4 Rxa1 16. Qxa1 Na6 17. O-O Ra8 18. Qb2 Nd7 19. Na4 f5 20. Rc1 Nf6 21. c5
fxe4 22. fxe4 Nxe4 23. cxb6 cxb6 24. Nxb6 Rf8 25. Qa2 Nb8 26. Qc2 Nf6 27. Bh6
Qd8 28. Be3 Nbd7 29. Nxd7 Qxd7 30. Bg5 Bxd5 31. Rf1 Qa7+ 32. Kh1 Ne4 33. Bf3
Rxf3 34. Rxf3 Kg7 35. Be3 Qb7 36. Qc1 h5 37. Rf1 Ng3+ 38. hxg3 Bxg2+ 39. Kh2
Bxf1 40. Qxf1 Qxb4 41. Bg5 Qb2+ 42. Kh3 e4 43. Be7 Qe5 44. Qf8+ Kh7 45. Bxd6
Qe6+ 46. Kg2 Qa2+ 47. Qf2 Qd5 48. Qa7+ Kh6 49. Bf4+ g5 50. Be3 Qf5 51. Qb6+ Kh7
52. Qc7+ Kg6 53. Qd6+ Kf7 54. Qd1 Kg6 55. Qc2 Qf6 56. Kh2 Qd6 57. Qc4 h4 58.
Qg8+ Kf5 59. Qxg5+ Ke6 60. Qg6+ 1-0

[Event "XII European Maccabi Games"]
[Site "Roma ITA"]
[Date "2007.07.09"]
[Round "4"]
[White "Gerasimenyk, Mikhaylo"]
[Black "Burstein, Roman"]
[Result "1/2-1/2"]
[WhiteElo "2150"]
[BlackElo "2375"]
[PlyCount "96"]
[EventDate "2007.07.05"]

1. d4 Nf6 2. Nf3 c5 3. e3 g6 4. Be2 Bg7 5. O-O O-O 6. c4 cxd4 7. exd4 d5 8. c5
Nc6 9. a3 a5 10. Nc3 Ne4 11. Bf4 Bg4 12. Nb5 Bxf3 13. Bxf3 e5 14. dxe5 Nxe5 15.
Rc1 Nxf3+ 16. Qxf3 Bxb2 17. Rc2 Bg7 18. Bd6 Re8 19. Nc7 Nxd6 20. cxd6 Qxd6 21.
Nxa8 Rxa8 22. g3 b5 23. Rfc1 b4 24. Rc7 Rf8 25. axb4 axb4 26. R1c6 Qe5 27. Rb7
Qe4 28. Qxe4 dxe4 29. Rxb4 Re8 30. Rcc4 f5 31. Rb7 Bf6 32. Rcc7 h5 33. Kg2 Rd8
34. h3 Re8 35. Rd7 Rc8 36. Ra7 Re8 37. Rac7 Rb8 38. Ra7 Re8 39. Rh7 Ra8 40.
Rxa8+ Kxh7 41. Ra7+ Kh6 42. Rf7 Bd4 43. Rd7 Be5 44. Rd5 Bf6 45. Rd6 Be5 46. Rc6
Bb8 47. Kf1 Kg5 48. Ke2 Ba7 1/2-1/2

[Event "XII European Maccabi Games"]
[Site "Roma ITA"]
[Date "2007.07.09"]
[Round "4"]
[White "Herzfeld, Adam"]
[Black "Avdeyeva, Viktoriya"]
[Result "0-1"]
[WhiteElo "1800"]
[BlackElo "2063"]
[PlyCount "60"]
[EventDate "2007.07.05"]

1. d4 d5 2. c4 e5 3. e4 dxe4 4. d5 Nf6 5. Nc3 Bc5 6. Bg5 Bf5 7. g4 Bxg4 8. Qa4+
Bd7 9. Qb3 b6 10. Nxe4 Be7 11. Bxf6 Bxf6 12. Bg2 O-O 13. Ne2 Bh4 14. O-O-O f5
15. N4g3 Qg5+ 16. Kb1 f4 17. d6 c6 18. c5+ Kh8 19. Rhg1 fxg3 20. fxg3 Qg6+ 21.
Ka1 Bf6 22. Nc3 Na6 23. cxb6 axb6 24. Qxb6 Rfb8 25. Qf2 Nb4 26. Be4 Qf7 27. Bb1
e4 28. g4 e3 29. Qf3 Nxa2 30. Bxa2 Rxa2+ 0-1

[Event "XII European Maccabi Games"]
[Site "Roma ITA"]
[Date "2007.07.09"]
[Round "4"]
[White "Kleiman, Boris"]
[Black "Smolkina, Milana"]
[Result "1-0"]
[WhiteElo "2337"]
[BlackElo "1885"]
[PlyCount "105"]
[EventDate "2007.07.05"]

1. e4 c5 2. Nf3 d6 3. d4 cxd4 4. Nxd4 Nf6 5. Nc3 g6 6. Be3 Bg7 7. f3 O-O 8. Qd2
Nc6 9. Bc4 Bd7 10. Bb3 Rb8 11. O-O-O Ne5 12. Bh6 b5 13. Bxg7 Kxg7 14. f4 Nc4
15. Qe2 Bg4 16. Nf3 Qb6 17. Rhe1 Rfc8 18. h3 Bxf3 19. Qxf3 Rc5 20. g4 Qb7 21.
g5 Nd7 22. h4 a5 23. a4 bxa4 24. Nxa4 Rcc8 25. Rd5 Qb4 26. Qc3+ Qxc3 27. Nxc3
Ndb6 28. Rb5 Ra8 29. Na4 Nxa4 30. Bxa4 Rcb8 31. b3 Rxb5 32. Bxb5 Nb6 33. Kb2 a4
34. Ra1 axb3 35. Rxa8 Nxa8 36. cxb3 Nc7 37. Bc4 Kf8 38. b4 Ke8 39. b5 Na8 40.
Kc3 e6 41. Kb4 Nb6 42. Bb3 Kd7 43. f5 gxf5 44. exf5 exf5 45. Bxf7 f4 46. Kc3 d5
47. Kd4 Kd6 48. Bg8 Nc4 49. Bxd5 Ne3 50. Be4 Ke6 51. b6 Kd7 52. h5 Nd1 53. h6
1-0

[Event "XII European Maccabi Games"]
[Site "Roma ITA"]
[Date "2007.07.09"]
[Round "4"]
[White "Klein, David"]
[Black "De Vries, Joel"]
[Result "1-0"]
[WhiteElo "2013"]
[BlackElo "1700"]
[PlyCount "35"]
[EventDate "2007.07.05"]

1. d4 e6 2. c4 Nf6 3. Nf3 d5 4. Nc3 Be7 5. Bg5 O-O 6. e3 Bd7 7. Bxf6 Bxf6 8.
cxd5 exd5 9. Nxd5 Nc6 10. Nxf6+ Qxf6 11. Be2 Rfe8 12. O-O Qg6 13. Kh1 Rad8 14.
Rc1 Bg4 15. Qb3 Qd6 16. Qxb7 Bd7 17. Qb3 Rb8 18. Qc3 1-0

[Event "XII European Maccabi Games"]
[Site "Roma ITA"]
[Date "2007.07.09"]
[Round "4"]
[White "Lapidus, Mark"]
[Black "Leveikina, Jevgenija"]
[Result "1-0"]
[WhiteElo "1821"]
[BlackElo "2033"]
[PlyCount "105"]
[EventDate "2007.07.05"]

1. Nf3 g6 2. c4 Bg7 3. d4 Nf6 4. Nc3 d5 5. e3 O-O 6. Be2 c6 7. O-O Nbd7 8. Qb3
Qb6 9. Qxb6 Nxb6 10. Ne5 Be6 11. cxd5 Nbxd5 12. Bf3 Rfd8 13. Na4 Ne8 14. Nc5
Bc8 15. Rd1 f6 16. Nc4 b6 17. Nb3 Ba6 18. Ncd2 Bd3 19. Ne4 Bc2 20. Rd2 Bxe4 21.
Bxe4 Rac8 22. Rd1 f5 23. Bd3 a5 24. Nd2 e5 25. dxe5 Nxe3 26. Re1 Rxd3 27. fxe3
Bxe5 28. Nc4 Bc7 29. b3 b5 30. Nb2 Rd7 31. e4 Re7 32. Bg5 Rxe4 33. Rxe4 fxe4
34. Re1 Be5 35. Nd1 Nd6 36. g3 Re8 37. Nf2 Bd4 38. Kg2 Bxf2 39. Kxf2 Rf8+ 40.
Ke2 Nf5 41. Rc1 Kf7 42. g4 Nd4+ 43. Ke3 Nf3 44. Bf4 g5 45. Kxe4 gxf4 46. Kxf3
Rc8 47. Kxf4 Ke6 48. Rc5 Kd6 49. Rh5 Rc7 50. Ke4 Re7+ 51. Kd4 Rf7 52. Rh6+ Kc7
53. Kc5 1-0

[Event "XII European Maccabi Games"]
[Site "Roma ITA"]
[Date "2007.07.09"]
[Round "4"]
[White "Litwak, Aleksej"]
[Black "Angel, Harold Bernard"]
[Result "1-0"]
[WhiteElo "2301"]
[BlackElo "1400"]
[PlyCount "51"]
[EventDate "2007.07.05"]

1. e4 e6 2. d4 d5 3. Nd2 Nf6 4. e5 Nfd7 5. Bd3 c5 6. c3 Nc6 7. Ne2 f5 8. Nf4
Qe7 9. Qh5+ Qf7 10. Qxf7+ Kxf7 11. Nf3 Be7 12. h4 c4 13. Bc2 Nf8 14. b3 cxb3
15. axb3 Ng6 16. Ng5+ Bxg5 17. hxg5 Nxf4 18. Bxf4 g6 19. Bc1 Bd7 20. Ba3 Kg7
21. Rh6 Nd8 22. Be7 Re8 23. Bf6+ Kg8 24. Kd2 Rf8 25. Rah1 Rf7 26. Rxg6+ 1-0

[Event "XII European Maccabi Games"]
[Site "Roma ITA"]
[Date "2007.07.09"]
[Round "4"]
[White "Ni, Polina"]
[Black "Gutmans, Mihail"]
[Result "0-1"]
[WhiteElo "1963"]
[BlackElo "2117"]
[PlyCount "104"]
[EventDate "2007.07.05"]

1. e4 c5 2. Nf3 e6 3. d4 cxd4 4. Nxd4 a6 5. Bd3 Bc5 6. Nb3 Be7 7. Qg4 g6 8. Bf4
e5 9. Bd2 d6 10. Qe2 Nf6 11. Nc3 O-O 12. Bh6 Re8 13. f3 Qc7 14. g4 Be6 15. Nd2
Nc6 16. h4 Nd4 17. Qg2 Qb6 18. Nb3 Rac8 19. h5 Nxf3+ 20. Qxf3 Bxg4 21. Qg3 Bxh5
22. Bg5 Kh8 23. Kd2 Qd8 24. Raf1 b5 25. a3 Rxc3 26. Bxf6+ Bxf6 27. bxc3 Bg5+
28. Ke1 Bf4 29. Rxf4 exf4 30. Qxf4 d5 31. Qh4 dxe4 32. Qxd8 Rxd8 33. Be2 Bxe2
34. Kxe2 f5 35. Ke3 Rc8 36. Kd4 Rc4+ 37. Ke5 Rxc3 38. Rh2 Kg7 39. Rd2 h5 40.
Rd7+ Kh6 41. Nd4 Kg5 42. Ne6+ Kh4 43. Rg7 e3 44. Nf4 g5 45. Ne2 Rxc2 46. Nd4
Rc5+ 47. Kd6 Rc3 48. Nxf5+ Kg4 49. Rf7 Rxa3 50. Ke5 e2 51. Nd4 Re3+ 52. Kd5
e1=Q 0-1

[Event "XII European Maccabi Games"]
[Site "Roma ITA"]
[Date "2007.07.09"]
[Round "4"]
[White "Ni, Viktorija"]
[Black "Zaika, Alexey"]
[Result "1-0"]
[WhiteElo "2147"]
[BlackElo "1400"]
[PlyCount "92"]
[EventDate "2007.07.05"]

1. d4 Nf6 2. c4 c5 3. e3 e6 4. Nf3 d5 5. Nc3 Nc6 6. Be2 a6 7. a4 Be7 8. O-O O-O
9. Rb1 Rb8 10. Na2 dxc4 11. dxc5 Bxc5 12. Bxc4 b5 13. Bd3 b4 14. b3 Qe7 15. Qc2
Bb7 16. Bb2 e5 17. Rbc1 Bd6 18. Ng5 h6 19. Ne4 Na5 20. Nxd6 Qxd6 21. Rfd1 Qe7
22. Qc7 Qxc7 23. Rxc7 e4 24. Bf1 Nd5 25. Rxb7 Rxb7 26. Rxd5 Nxb3 27. Bxa6 Rc7
28. Nxb4 Nc5 29. Bb5 f6 30. h4 Ra8 31. Bc6 Ra5 32. Bd4 Nb3 33. Rd8+ Kh7 34. Bb6
Rxc6 35. Nxc6 Rxa4 36. Rb8 Kg6 37. Rb7 f5 38. Bd8 Nc5 39. Rb6 Kf7 40. h5 Nd7
41. Rb7 Ke8 42. Bh4 Rc4 43. Nd4 Rc5 44. Ne6 Rc1+ 45. Kh2 Kf7 46. Rxd7+ Kxe6 1-0

[Event "XII European Maccabi Games"]
[Site "Roma ITA"]
[Date "2007.07.09"]
[Round "4"]
[White "Selifanov, Konstantin"]
[Black "Kleymann, Jelena"]
[Result "0-1"]
[WhiteElo "1440"]
[BlackElo "2023"]
[PlyCount "88"]
[EventDate "2007.07.05"]

1. e4 b6 2. d4 Bb7 3. Nc3 e6 4. Bd3 Bb4 5. Nge2 c5 6. Be3 Qc7 7. O-O c4 8. Bf4
Qc8 9. Nb5 Na6 10. c3 cxd3 11. cxb4 dxe2 12. Qxe2 Kf8 13. Nd6 Qc7 14. b5 Nf6
15. bxa6 Bxe4 16. Nxe4 Qxf4 17. Nxf6 gxf6 18. Qf3 Qxf3 19. gxf3 Rc8 20. Rac1
Ke7 21. b3 Kd6 22. Rc4 Rxc4 23. bxc4 Rc8 24. Rc1 b5 25. c5+ Kd5 26. Rb1 Rb8 27.
Rb4 Rg8+ 28. Kf1 Kc6 29. f4 d6 30. cxd6 Rd8 31. Ke2 Rxd6 32. Ke3 Kb6 33. a4 Rd5
34. axb5 Rxb5 35. Rc4 Rh5 36. Rc8 Kxa6 37. Rc7 Rxh2 38. Rxf7 Rh6 39. Ke4 Kb6
40. Re7 f5+ 41. Ke5 a5 42. Rxe6+ Rxe6+ 43. Kxe6 Kc7 44. Kd5 h5 0-1

[Event "XII European Maccabi Games"]
[Site "Roma ITA"]
[Date "2007.07.09"]
[Round "4"]
[White "Yuneev, Alexey"]
[Black "Shmirina, Evgenija"]
[Result "1-0"]
[WhiteElo "2427"]
[BlackElo "2130"]
[PlyCount "99"]
[EventDate "2007.07.05"]

1. e4 e6 2. d4 d5 3. Nc3 Bb4 4. Bd3 dxe4 5. Bxe4 Nf6 6. Bd3 O-O 7. Nf3 Nbd7 8.
O-O c5 9. a3 Ba5 10. Qe2 cxd4 11. Nxd4 a6 12. b4 Bb6 13. Nf3 Qc7 14. Bb2 Re8
15. Rfe1 Ba7 16. Rad1 Nf8 17. Ne4 Nxe4 18. Qxe4 f5 19. Qe5 Qxe5 20. Nxe5 Ng6
21. c4 Nxe5 22. Bxe5 a5 23. c5 Kf7 24. Bb5 Rf8 25. Kf1 g6 26. Rd2 Bb8 27. Bxb8
Rxb8 28. Rd6 axb4 29. axb4 Ra8 30. Bd7 Ra6 31. Bxe6+ Bxe6 32. Rexe6 Ra1+ 33.
Re1 Rxe1+ 34. Kxe1 Re8+ 35. Kd2 Re7 36. Kd3 Rc7 37. f3 Ke7 38. Kd4 Rc8 39. Rb6
Rc7 40. Ke5 Rd7 41. h4 Kf7 42. Rf6+ Ke7 43. Rd6 Rc7 44. h5 Kf7 45. hxg6+ hxg6
46. Kf4 Re7 47. Rb6 Rd7 48. Kg5 f4 49. Rf6+ Ke7 50. Rxf4 1-0

[Event "XII European Maccabi Games"]
[Site "Roma ITA"]
[Date "2007.07.10"]
[Round "5"]
[White "Avdeyeva, Viktoriya"]
[Black "Angel, Harold Bernard"]
[Result "0-1"]
[WhiteElo "2063"]
[BlackElo "1400"]
[PlyCount "130"]
[EventDate "2007.07.05"]

1. e4 e6 2. d4 d5 3. Nc3 Nf6 4. Bg5 Bb4 5. e5 h6 6. exf6 hxg5 7. fxg7 Rg8 8.
Qd2 Qf6 9. a3 Bxc3 10. Qxc3 Nc6 11. Bb5 Bd7 12. Nf3 O-O-O 13. O-O-O g4 14. Ne1
Rxg7 15. Bxc6 Bxc6 16. Nd3 Bb5 17. Qc5 Bxd3 18. Rxd3 Kb8 19. Rc3 Qf4+ 20. Kb1
Qd6 21. Qb5 c6 22. Qe2 Qf4 23. Rd3 Qe4 24. Qxe4 dxe4 25. Rg3 f5 26. h3 Rh7 27.
Rd1 gxh3 28. gxh3 e5 29. c3 f4 30. Rg4 Rxh3 31. Re1 exd4 32. cxd4 Rxd4 33. Rxf4
Rf3 34. Rxf3 exf3 35. Re3 Rf4 36. Kc2 Kc7 37. Kd2 Kd6 38. Rd3+ Ke5 39. Ke3 Rf7
40. Rd4 c5 41. Re4+ Kd5 42. Rf4 Rxf4 43. Kxf4 Kc4 44. Kxf3 Kb3 45. Ke4 c4 46.
f4 Kxb2 47. f5 c3 48. f6 c2 49. f7 c1=Q 50. f8=Q Qe1+ 51. Kd3 Qc3+ 52. Ke2 Qxa3
53. Qg7+ Ka2 54. Qc7 a5 55. Kd1 Qb3+ 56. Kc1 Qb2+ 57. Kd1 a4 58. Ke1 b5 59.
Qf7+ Ka1 60. Qd7 a3 61. Kd1 b4 62. Qa4 b3 63. Qb4 Qc2+ 64. Ke1 Ka2 65. Qd4 Qb1+
0-1

[Event "XII European Maccabi Games"]
[Site "Roma ITA"]
[Date "2007.07.10"]
[Round "5"]
[White "Borzova, Asya"]
[Black "Selifanov, Konstantin"]
[Result "1-0"]
[WhiteElo "1758"]
[BlackElo "1440"]
[PlyCount "61"]
[EventDate "2007.07.05"]

1. d4 e5 2. dxe5 Nc6 3. Nf3 Qe7 4. Bg5 Qb4+ 5. Bd2 Qxb2 6. Bc3 Bb4 7. Bxb4
Qxb4+ 8. Nbd2 Qc3 9. g3 Nb4 10. Rc1 Nxa2 11. Ra1 Nb4 12. Rc1 Nc6 13. Bg2 Nxe5
14. Nxe5 Qxe5 15. O-O Nf6 16. Rb1 c6 17. Nc4 Qc7 18. Nd6+ Kf8 19. e4 Ne8 20. e5
Nxd6 21. exd6 Qd8 22. Re1 b6 23. Re7 Kg8 24. Qf3 Qf8 25. Rbe1 Ba6 26. Rxd7 Bb5
27. Ree7 Bc4 28. Qe4 b5 29. Qxc6 g6 30. Bd5 Rc8 31. Rxf7 1-0

[Event "XII European Maccabi Games"]
[Site "Roma ITA"]
[Date "2007.07.10"]
[Round "5"]
[White "Burstein, Roman"]
[Black "Savchenko, Oleksiy"]
[Result "1/2-1/2"]
[WhiteElo "2375"]
[BlackElo "2100"]
[PlyCount "51"]
[EventDate "2007.07.05"]

1. c4 c5 2. g3 e6 3. Bg2 Nf6 4. Nf3 Qc7 5. O-O b6 6. d4 Bb7 7. Nc3 cxd4 8. Nb5
Qxc4 9. Ne5 Qc8 10. Nc4 Qxc4 11. Bxb7 Qxb5 12. Bxa8 Bc5 13. Bg2 O-O 14. a3 a5
15. Rb1 Bxa3 16. Qxd4 Bc5 17. Qd1 d5 18. Bd2 Nc6 19. Bc3 d4 20. Bd2 Nb4 21. Bf4
Nfd5 22. Bd2 h6 23. Bxb4 Nxb4 24. Be4 f5 25. Bd3 Qc6 26. Bc4 1/2-1/2

[Event "XII European Maccabi Games"]
[Site "Roma ITA"]
[Date "2007.07.10"]
[Round "5"]
[White "De Vries, Joel"]
[Black "Gabovits, Illia"]
[Result "1-0"]
[WhiteElo "1700"]
[BlackElo "1400"]
[PlyCount "65"]
[EventDate "2007.07.05"]

1. e4 c5 2. Nf3 Nc6 3. Nc3 e5 4. Bc4 Be7 5. d3 Nf6 6. O-O O-O 7. Ne1 d6 8. f4
a6 9. f5 b5 10. Bd5 Nxd5 11. Nxd5 Nb8 12. f6 Bxf6 13. Nxf6+ gxf6 14. Bh6 Re8
15. Qf3 Kh8 16. Qh5 Be6 17. Kh1 Rg8 18. Rg1 Qd7 19. Nf3 Nc6 20. Raf1 Ne7 21. h3
Rg3 22. Qh4 Rg6 23. g4 Ng8 24. Be3 a5 25. Nh2 a4 26. g5 f5 27. exf5 Bxf5 28.
Qg3 b4 29. Qh4 Bxd3 30. cxd3 Re6 31. Nf3 Ra7 32. Qh5 b3 33. g6 1-0

[Event "XII European Maccabi Games"]
[Site "Roma ITA"]
[Date "2007.07.10"]
[Round "5"]
[White "Fraas, Martin"]
[Black "Lapidus, Mark"]
[Result "1-0"]
[WhiteElo "2175"]
[BlackElo "1821"]
[PlyCount "77"]
[EventDate "2007.07.05"]

1. e4 e6 2. d4 d5 3. Nc3 Bb4 4. Nge2 dxe4 5. a3 Be7 6. Nxe4 Nf6 7. N4c3 c5 8.
Bg5 cxd4 9. Qxd4 O-O 10. Qxd8 Rxd8 11. Nc1 Nc6 12. Nb3 h6 13. Bd2 e5 14. Bb5
Be6 15. Bxc6 bxc6 16. Na5 Rac8 17. f3 Nd5 18. O-O-O f5 19. Rhe1 Bf6 20. Nb7 Rf8
21. Nxd5 cxd5 22. Bb4 Rc7 23. Bxf8 Kxf8 24. Na5 Kf7 25. Kb1 f4 26. b4 g5 27.
Nb3 Bf5 28. Nc5 d4 29. Rd2 g4 30. Nd3 Re7 31. Rde2 gxf3 32. gxf3 Bxd3 33. cxd3
a5 34. b5 a4 35. Rc1 Rb7 36. Rb2 Be7 37. Ka2 Ke6 38. Rc6+ Bd6 39. Ra6 1-0